• 首页
  • 本馆介绍
  • 公告通知
  • 最新文献
  • 馆藏检索
  • 电子资源
  • 读者导购
  • 参考咨询
  • 我的图书馆
  • 登录
  • 详细信息显示
  • 放入我的书架
  • 预约/预借图书
  • 作者相关作品
  • 分类相关作品
  • 丛书相关作品
  • 出版社相关作品

书目信息

  • 表格格式
  • 工作单格式
  • 卡片格式
题名:
食品添加剂分析方法
    
 
作者: 刘莲芳 编
分册:  
出版信息: 北京   轻工业出版社  1989.9
页数: 228页
开本: 19cm
丛书名:
单 册:
中图分类: TS202.9
科图分类: 89.093
主题词: 食品添加剂--分析方法
电子资源:
ISBN: 7-5019-0559-2
000 00668nam0 2200241 450
001 0190001711
005 20100712223632.0
010    @a7-5019-0559-2@dCNY5.20
011    @a7-5019-0559-2
100    @a19921104d1989 em y0chiy0110 ea
101 0  @achi
102    @aCN@b110000
105    @ay z 000yy
106    @ar
200 1  @a食品添加剂分析方法@9Shi;Si Pin Tian Jia Ji Fen Xi Fang Fa @f刘莲芳等编
210    @a北京@c轻工业出版社@d1989.9
215    @a228页@d19cm
606 0  @a食品添加剂@x分析方法
690    @aTS202.9@v三版
692    @a89.093
701  0 @a刘莲芳@9liu lian fang@4编
801  0 @aCN@b91MARC@c20130904
905    @aBZT@dTS202.9@e6@f2@sTS202.9/6
    
    食品添加剂分析方法/刘莲芳等编.-北京:轻工业出版社,1989.9
    228页;19cm
    
    
    ISBN 7-5019-0559-2:CNY5.20
    
●
相关链接 在五车中查询图书 在当当中查询图书 在豆瓣中查询图书


正题名:食品添加剂分析方法     索取号:TS202.9/6         预约/预借

序号 登录号 条形码 馆藏地/架位号 状态 备注
1 2000143259   2000143259   旧书回溯/ [索取号:TS202.9/6] 在馆    
2 2000144218   2000144218   旧书回溯/ [索取号:TS202.9/6] 在馆    
山东省滨州职业学院图书馆 欢迎您!
大连网信软件有限公司© 版权所有